[Event "FRA-chT"]
[Site "France"]
[Date "1995.??.??"]
[Round "?"]
[White "Adrian, Claude"]
[Black "Stranjakovitch, Jean"]
[Result "1-0"]
[WhiteElo "2260"]
[BlackElo "2230"]
[PlyCount "71"]
[EventDate "1995.??.??"]
[EventType "team"]
[EventRounds "5"]
[EventCountry "FRA"]
[SourceTitle "EXT 2005"]
[Source "ChessBase"]
[SourceDate "2004.11.15"]
[SourceVersion "1"]
[SourceVersionDate "2004.11.15"]
[SourceQuality "1"]

1. Nf3 d6 2. d4 Nf6 3. g3 g6 4. Bg2 Bg7 5. c4 0-0 6. 0-0 Nc6 7. d5 Na5 8. Nfd2 c5 9. Nc3 a6 10. Rb1 Rb8 11. b3 b5 12. Bb2 Bh6 13. Ba1 Bd7 14. e3 Qc8 15. Nce4 Nxe4 16. Nxe4 bxc4 17. Qd2 Qc7 18. Qc3 f6 19. bxc4 Bg7 20. h4 Bf5 21. Bf3 h5 22. Rxb8 Rxb8 23. Ng5 Rb4 24. Ne6 Qb6 25. Be2 Bh6 26. Bd3 Bxd3 27. Qxd3 Kf7 28. Bc3 Nxc4 29. Bxb4 Ne5 30. Bxc5 dxc5 31. Qe4 c4 32. Rb1 Qa5 33. Nf4 Qxa2 34. d6 Bxf4 35. exf4 Nf3+ 36. Kg2 1-0

[Event "Budapest FS09 IM-B"]
[Site "Budapest"]
[Date "1994.??.??"]
[Round "9"]
[White "Stranjakovitch, Jean"]
[Black "Nguyen, Anh Dung"]
[Result "0-1"]
[WhiteElo "2255"]
[BlackElo "2340"]
[PlyCount "98"]
[EventDate "1994.09.??"]
[EventType "tourn"]
[EventRounds "9"]
[EventCountry "HUN"]
[EventCategory "3"]
[SourceTitle "EXT 1997"]
[Source "ChessBase"]
[SourceDate "1996.11.15"]
[SourceVersion "1"]
[SourceVersionDate "1996.11.15"]
[SourceQuality "1"]

1. d4 Nf6 2. Nf3 g6 3. Bg5 Bg7 4. Nbd2 0-0 5. e4 d6 6. c3 h6 7. Bh4 Nc6 8. Bb5 Bd7 9. 0-0 a6 10. Bc4 e5 11. dxe5 dxe5 12. a4 Qc8 13. Qc2 Nh5 14. Rfe1 Nf4 15. Bf1 Kh7 16. Nc4 Be6 17. Ne3 Qe8 18. b4 f6 19. Bc4 Bxc4 20. Nxc4 Qe6 21. Ne3 Rfd8 22. Bg3 Ne7 23. Rad1 Nh5 24. c4 Nxg3 25. hxg3 h5 26. Nd5 Nxd5 27. exd5 Qg8 28. Qe4 Qf8 29. c5 a5 30. g4 hxg4 31. Qxg4 Bh6 32. Qh4 axb4 33. Rxe5 fxe5 34. Ng5+ Kg8 35. Ne6 g5 36. Qh5 Qf6 37. Rd3 Rxd5 38. Rxd5 Qxe6 39. Qd1 Rf8 40. Rd7 Rf7 41. Rxc7 Rxc7 42. Qd8+ Bf8 43. Qxc7 Qd5 44. Qc8 e4 45. a5 b3 46. a6 b2 47. a7 b1Q+ 48. Kh2 Qe5+ 49. g3 Qh8+ 0-1

[Event "FRA"]
[Site "France"]
[Date "1993.??.??"]
[Round "?"]
[White "Letreguilly, Olivier"]
[Black "Stranjakovitch, Jean"]
[Result "1/2-1/2"]
[WhiteElo "2345"]
[BlackElo "2280"]
[PlyCount "68"]
[EventDate "1993.??.??"]
[EventType "team"]
[EventRounds "11"]
[EventCountry "FRA"]
[SourceTitle "TD"]
[Source "ChessBase"]
[SourceDate "1994.03.01"]
[SourceVersion "1"]
[SourceVersionDate "1994.03.01"]
[SourceQuality "1"]

1. Nf3 c5 2. b3 d5 3. e3 Nc6 4. Bb5 Bg4 5. h3 Bxf3 6. Qxf3 Rc8 7. Nc3 Nf6 8. g4 h6 9. h4 e6 10. Bb2 h5 11. g5 Nd7 12. Bxc6 Rxc6 13. Ne2 Rh7 14. c4 Nb6 15. d3 g6 16. Bf6 Qd7 17. e4 Bg7 18. Bxg7 Rxg7 19. a4 Rd6 20. Nf4 a5 21. 0-0 d4 22. e5 Rc6 23. Qe2 Qc7 24. Nh3 Nc8 25. Kg2 Ne7 26. Ng1 Nf5 27. Nf3 Rb6 28. Rab1 Qc6 29. Kh3 Rg8 30. Nd2 Ke7 31. Ne4 Ra8 32. Ng3 Re8 33. Nxf5+ exf5 34. f4 Ke6 1/2-1/2

[Event "Paris-ch op"]
[Site "Paris"]
[Date "1992.??.??"]
[Round "2"]
[White "Estrada Nieto, Julian"]
[Black "Stranjakovitch, Jean"]
[Result "0-1"]
[WhiteElo "2275"]
[BlackElo "2235"]
[PlyCount "80"]
[EventDate "1992.04.??"]
[EventType "swiss"]
[EventRounds "9"]
[EventCountry "FRA"]
[SourceTitle "EXT 1997"]
[Source "ChessBase"]
[SourceDate "1996.11.15"]
[SourceVersion "1"]
[SourceVersionDate "1996.11.15"]
[SourceQuality "1"]

1. e4 c5 2. Nf3 Nc6 3. Bb5 Qc7 4. Bxc6 Qxc6 5. Nc3 e6 6. 0-0 a6 7. d4 cxd4 8. Qxd4 f6 9. Be3 Ne7 10. Qd2 Ng6 11. Nd4 Qc7 12. f4 Be7 13. Nce2 0-0 14. h3 b5 15. b3 Rd8 16. c4 Bb7 17. Qc2 Rac8 18. f5 Nf8 19. fxe6 dxe6 20. Rab1 Qe5 21. Rf4 Ng6 22. Rg4 f5 23. Nf3 Bxe4 24. Nxe5 Bxc2 25. Nxg6 hxg6 26. Rc1 Bd3 27. Rxg6 Bxe2 28. Rxe6 Ba3 29. Re1 Bd3 30. Rxa6 Bb4 31. Rd1 bxc4 32. bxc4 Bxc4 33. Rxd8+ Rxd8 34. Ra4 Rd1+ 35. Kf2 Rf1+ 36. Kg3 Be1+ 37. Kh2 f4 38. Bg1 Bg3+ 39. Kh1 Bd5 40. Rd4 f3 0-1

[Event "Paris-ch op"]
[Site "Paris"]
[Date "1992.??.??"]
[Round "6"]
[White "Hauchard, Arnaud"]
[Black "Stranjakovitch, Jean"]
[Result "1-0"]
[WhiteElo "2420"]
[BlackElo "2235"]
[PlyCount "63"]
[EventDate "1992.04.??"]
[EventType "swiss"]
[EventRounds "9"]
[EventCountry "FRA"]
[SourceTitle "EXT 1997"]
[Source "ChessBase"]
[SourceDate "1996.11.15"]
[SourceVersion "1"]
[SourceVersionDate "1996.11.15"]
[SourceQuality "1"]

1. d4 d5 2. c4 dxc4 3. e3 Nf6 4. Bxc4 e6 5. Nc3 c5 6. d5 exd5 7. Nxd5 Nxd5 8. Bxd5 Qc7 9. Ne2 Bd6 10. Nc3 a6 11. Ne4 Be7 12. Bd2 0-0 13. Bc3 Nc6 14. Qh5 Nb4 15. Ng5 Bf5 16. Bxf7+ Kh8 17. Qh6 Nc2+ 18. Kf1 Nd4 19. exd4 Bxg5 20. Qxg5 Rxf7 21. dxc5 Qxc5 22. Kg1 Qf8 23. h4 Re8 24. h5 Kg8 25. h6 g6 26. Rh4 Re2 27. Rd1 Bd7 28. Rhd4 Be8 29. Bb4 Rfe7 30. Rf4 Bf7 31. Bxe7 Rxe7 32. Qf6 1-0

[Event "Paris-ch op"]
[Site "Paris"]
[Date "1992.??.??"]
[Round "5"]
[White "Rotstein, Arkadij"]
[Black "Stranjakovitch, Jean"]
[Result "1/2-1/2"]
[WhiteElo "2410"]
[BlackElo "2235"]
[PlyCount "56"]
[EventDate "1992.04.??"]
[EventType "swiss"]
[EventRounds "9"]
[EventCountry "FRA"]
[SourceTitle "EXT 1997"]
[Source "ChessBase"]
[SourceDate "1996.11.15"]
[SourceVersion "1"]
[SourceVersionDate "1996.11.15"]
[SourceQuality "1"]

1. c4 Nf6 2. Nf3 c5 3. d4 cxd4 4. Nxd4 e5 5. Nb5 d5 6. cxd5 Bc5 7. e3 0-0 8. N5c3 e4 9. Be2 Qe7 10. a3 Rd8 11. b4 Bb6 12. Bb2 Bf5 13. g4 Be6 14. Qc2 Bxg4 15. Bxg4 Nxg4 16. Nxe4 Nd7 17. Rg1 Nde5 18. Qe2 f5 19. Ng3 Rxd5 20. Nxf5 Qf7 21. Bxe5 Rxe5 22. Qxg4 Rxf5 23. Nd2 Rc8 24. Rd1 Rc6 25. Rg2 Rg6 26. Qe4 Re6 27. Qd3 Rd5 28. Qe2 Red6 1/2-1/2

[Event "Issy Meudon schev"]
[Site "Issy Meudon"]
[Date "1991.??.??"]
[Round "3"]
[White "Chaplin, Erik"]
[Black "Stranjakovitch, Jean"]
[Result "0-1"]
[WhiteElo "2265"]
[BlackElo "2130"]
[PlyCount "54"]
[EventDate "1991.??.??"]
[EventType "schev"]
[EventRounds "5"]
[EventCountry "FRA"]
[SourceTitle "EXT 2004"]
[Source "ChessBase"]
[SourceDate "2003.11.25"]
[SourceVersion "1"]
[SourceVersionDate "2003.11.25"]
[SourceQuality "1"]

1. e4 c5 2. Nf3 Nc6 3. Bb5 g6 4. c3 Nf6 5. e5 Nd5 6. Qb3 Nc7 7. Ng5 Ne6 8. Nxe6 fxe6 9. f4 Bh6 10. 0-0 0-0 11. Qa4 Qc7 12. Na3 d6 13. Bxc6 bxc6 14. d4 cxd4 15. cxd4 Rb8 16. Nc2 Bd7 17. Qa3 c5 18. exd6 exd6 19. Be3 c4 20. Bd2 Rb5 21. Bb4 Rd5 22. g3 Bg7 23. Bc3 Bc6 24. Rad1 Ba8 25. Ne3 Qb7 26. Nxd5 Qxd5 27. Kf2 Qf3+ 0-1

[Event "Cannes op"]
[Site "Cannes"]
[Date "1990.??.??"]
[Round "9"]
[White "Laurain, Guy"]
[Black "Stranjakovitch, Jean"]
[Result "1/2-1/2"]
[WhiteElo "2000"]
[BlackElo "2150"]
[PlyCount "108"]
[EventDate "1990.02.??"]
[EventType "swiss"]
[EventRounds "9"]
[EventCountry "FRA"]
[SourceTitle "EXT 1997"]
[Source "ChessBase"]
[SourceDate "1996.11.15"]
[SourceVersion "1"]
[SourceVersionDate "1996.11.15"]
[SourceQuality "1"]

1. e4 c5 2. Nf3 e6 3. d4 cxd4 4. Nxd4 Nf6 5. Nc3 d6 6. Be2 Be7 7. 0-0 0-0 8. Kh1 Nc6 9. Be3 a6 10. a4 Qc7 11. f4 Na5 12. Qd3 Bd7 13. Nb3 Rfd8 14. Nd2 Rac8 15. Bg1 Nc6 16. Nc4 Nb4 17. Qg3 Qb8 18. Bb6 Rf8 19. Ne3 Bc6 20. Bf3 Rfe8 21. Bd4 g6 22. Rf2 b6 23. e5 Nd7 24. Ne4 Bxe4 25. Bxe4 d5 26. Bf3 Nc6 27. c3 Bf8 28. Be2 b5 29. axb5 axb5 30. Bd3 b4 31. Ng4 Be7 32. h4 h5 33. Nf6+ Nxf6 34. exf6 Nxd4 35. Bxg6 Bxf6 36. Bxh5+ Kf8 37. cxd4 Bxd4 38. Re2 Bf6 39. Rf1 Rc4 40. Qg4 b3 41. Rf3 Qb6 42. Qh3 Rb8 43. Ree3 Rb4 44. Bg4 Bxb2 45. Bxe6 Bd4 46. Qf5 Qa7 47. Re1 b2 48. Rb1 Ra4 49. Bxd5 Ra1 50. Be4 Qe7 51. Qh7 Rxb1+ 52. Bxb1 Qe1+ 53. Kh2 Rc8 54. Ba2 Rc7 1/2-1/2

[Event "Kecskemet op1"]
[Site "Kecskemet"]
[Date "1990.??.??"]
[Round "6"]
[White "Lovas, Daniel"]
[Black "Stranjakovitch, Jean"]
[Result "1-0"]
[WhiteElo "2160"]
[BlackElo "2220"]
[PlyCount "53"]
[EventDate "1990.??.??"]
[EventType "swiss"]
[EventRounds "13"]
[EventCountry "HUN"]
[SourceTitle "EXT 2004"]
[Source "ChessBase"]
[SourceDate "2003.11.25"]
[SourceVersion "1"]
[SourceVersionDate "2003.11.25"]
[SourceQuality "1"]

1. d4 f5 2. c4 Nf6 3. Nc3 g6 4. g3 Bg7 5. Bg2 0-0 6. e3 d6 7. d5 c6 8. Nge2 Bd7 9. 0-0 Na6 10. Nd4 Qe8 11. Rb1 Rb8 12. b3 Nc5 13. Bb2 Rc8 14. Re1 g5 15. Qc2 Ng4 16. h3 Ne5 17. Rbd1 f4 18. exf4 gxf4 19. Ne4 Qh5 20. g4 Qh4 21. Nxc5 dxc5 22. Ne6 Bxe6 23. Bxe5 f3 24. Bg3 Qg5 25. Rxe6 fxg2 26. dxc6 Rxc6 27. Rd5 1-0

[Event "Cannes op"]
[Site "Cannes"]
[Date "1990.??.??"]
[Round "4"]
[White "Nelis, Jean Francois"]
[Black "Stranjakovitch, Jean"]
[Result "1-0"]
[WhiteElo "2110"]
[BlackElo "2150"]
[PlyCount "35"]
[EventDate "1990.02.??"]
[EventType "swiss"]
[EventRounds "9"]
[EventCountry "FRA"]
[SourceTitle "EXT 1997"]
[Source "ChessBase"]
[SourceDate "1996.11.15"]
[SourceVersion "1"]
[SourceVersionDate "1996.11.15"]
[SourceQuality "1"]

1. e4 a6 2. d4 b5 3. Bd3 Bb7 4. Nf3 Nf6 5. e5 Nd5 6. c3 e6 7. Ng5 Be7 8. h4 f5 9. exf6 Nxf6 10. Bxh7 Kf8 11. Bg6 Qc8 12. h5 Nc6 13. Nf7 Rg8 14. h6 Nd8 15. hxg7+ Kxg7 16. Bh6+ Kxg6 17. Ne5+ Kf5 18. Rh4 1-0

[Event "Cannes op"]
[Site "Cannes"]
[Date "1990.??.??"]
[Round "2"]
[White "Sanchez Almeyra, Jorge"]
[Black "Stranjakovitch, Jean"]
[Result "1-0"]
[WhiteElo "2380"]
[BlackElo "2150"]
[PlyCount "101"]
[EventDate "1990.02.??"]
[EventType "swiss"]
[EventRounds "9"]
[EventCountry "FRA"]
[SourceTitle "EXT 1997"]
[Source "ChessBase"]
[SourceDate "1996.11.15"]
[SourceVersion "1"]
[SourceVersionDate "1996.11.15"]
[SourceQuality "1"]

1. e4 a6 2. d4 b5 3. Nf3 Bb7 4. Bd3 Nf6 5. Qe2 e6 6. Bg5 c5 7. c3 cxd4 8. Nxd4 Be7 9. Nd2 d6 10. 0-0 Nbd7 11. f4 h6 12. Bh4 0-0 13. Rae1 Nc5 14. Bb1 Rc8 15. a3 a5 16. Nxb5 Ba6 17. c4 a4 18. e5 dxe5 19. fxe5 Ne8 20. Bf2 Rb8 21. Nf3 Qb6 22. Qc2 g6 23. Nfd4 Nc7 24. Rc1 Rfc8 25. Be3 Bg5 26. Bxg5 hxg5 27. Rxf7 Kxf7 28. Qxg6+ Ke7 29. Qxg5+ Kd7 30. Qg7+ Kd8 31. Qf6+ Kd7 32. Qg7+ Kd8 33. Rd1 Nb3 34. Qg5+ Kd7 35. Qg7+ Kd8 36. Kh1 Nxd4 37. Rxd4+ Nd5 38. Qf8+ Kd7 39. Qg7+ Kd8 40. Qg5+ Kd7 41. cxd5 Bxb5 42. dxe6+ Kc6 43. Rd6+ Kb7 44. Rxb6+ Kxb6 45. Qe3+ Ka6 46. Bd3 Rd8 47. Bxb5+ Rxb5 48. h3 Rxb2 49. e7 Re8 50. Qd3+ Rb5 51. Qd7 1-0

[Event "FRA-chT"]
[Site "France"]
[Date "1989.??.??"]
[Round "?"]
[White "Stranjakovitch, Jean"]
[Black "Valenti, Richard"]
[Result "1/2-1/2"]
[WhiteElo "2010"]
[BlackElo "2150"]
[PlyCount "46"]
[EventDate "1989.??.??"]
[EventType "team"]
[EventRounds "11"]
[EventCountry "FRA"]
[SourceTitle "TD"]
[Source "ChessBase"]
[SourceDate "1994.03.01"]
[SourceVersion "1"]
[SourceVersionDate "1994.03.01"]
[SourceQuality "1"]

1. e4 d6 2. d4 Nf6 3. Nc3 g6 4. f4 Bg7 5. Nf3 0-0 6. Bd3 Na6 7. 0-0 c5 8. d5 Rb8 9. Qe1 Nb4 10. Qh4 Nxd3 11. cxd3 b5 12. f5 b4 13. Nd1 gxf5 14. Bh6 Bxh6 15. Qxh6 Kh8 16. Ng5 Qe8 17. Ne3 Rg8 18. Nxf5 Rg6 19. Qh4 Bxf5 20. Rxf5 Qg8 21. g3 Qg7 22. Nf3 Rg4 23. Qh3 Rg8 1/2-1/2

[Event "FRA-chT 8788"]
[Site "France"]
[Date "1987.12.17"]
[Round "6"]
[White "Lagunes, Jean Renaud"]
[Black "Stranjakovitch, Jean"]
[Result "1-0"]
[WhiteElo "2210"]
[BlackElo "2250"]
[PlyCount "55"]
[EventDate "1987.10.24"]
[EventType "team-match"]
[EventRounds "11"]
[EventCountry "FRA"]
[SourceTitle "EXT 2002"]
[Source "ChessBase"]
[SourceDate "2001.11.25"]
[SourceVersion "1"]
[SourceVersionDate "2001.11.25"]
[SourceQuality "1"]
[WhiteTeam "Bordeaux"]
[BlackTeam "Meudon"]
[WhiteTeamCountry "FRA"]
[BlackTeamCountry "FRA"]

1. e4 e5 2. Nf3 Nc6 3. d4 exd4 4. Bc4 Nf6 5. e5 d5 6. Bb5 Ne4 7. Nxd4 Bd7 8. Bxc6 bxc6 9. 0-0 Be7 10. f3 Nc5 11. f4 0-0 12. f5 Ne4 13. Nc3 Nxc3 14. bxc3 c5 15. Nb3 c4 16. Nd4 c5 17. Ne2 Bc6 18. Nf4 Re8 19. Qg4 Bf8 20. e6 Qf6 21. Bd2 fxe6 22. fxe6 d4 23. Nd5 Qxe6 24. Nf6+ Kh8 25. Nxe8 Qxe8 26. Rae1 Qd8 27. Rf7 Rb8 28. Ref1 1-0